[Event "Cologne Longerich op 3rd"]
[Site "Cologne"]
[Date "2004.08.14"]
[Round "7"]
[White "Lenk, Ulrich"]
[Black "Hoeper, Heinz Joachim"]
[Result "1-0"]
[WhiteElo "1776"]
[BlackElo "1593"]
[PlyCount "111"]
[EventDate "2004.06.26"]
[EventType "swiss"]
[EventRounds "7"]
[EventCountry "GER"]
[SourceTitle "EXT 2006"]
[Source "ChessBase"]
[SourceDate "2005.11.24"]
[SourceVersion "1"]
[SourceVersionDate "2005.11.24"]
[SourceQuality "1"]

1. Nf3 Nf6 2. d4 e6 3. c4 b6 4. a3 Bb7 5. Nc3 c5 6. d5 exd5 7. cxd5 Ba6 8. g3 d6 9. Bg2 g6 10. Qa4+ Qd7 11. Qh4 Qe7 12. Bg5 Bg7 13. 0-0 h6 14. Bd2 b5 15. Qf4 Nbd7 16. Rfe1 Nh5 17. Qe4 Nb6 18. Qxe7+ Kxe7 19. e4 Nc4 20. e5 Nxd2 21. exd6+ Kxd6 22. Nxd2 Bd4 23. Nf3 Bxc3 24. bxc3 Rae8 25. Nd2 Nf6 26. Rad1 Rxe1+ 27. Rxe1 Re8 28. Rxe8 Nxe8 29. Ne4+ Kxd5 30. Nf6+ Kc4 31. Nxe8 Kxc3 32. Nc7 c4 33. Nxa6 Kb3 34. Bc6 c3 35. Nc5+ Kc4 36. Bxb5+ Kxb5 37. Nd3 Ka4 38. Kf1 Kxa3 39. Ke1 Kb3 40. Kd1 c2+ 41. Kc1 a5 42. Ne1 Kc3 43. Nxc2 a4 44. Ne3 Kd3 45. Kd1 a3 46. Nc2 f5 47. Nxa3 Ke4 48. Ke2 f4 49. f3+ Kf5 50. g4+ Kg5 51. Kf2 Kh4 52. Kg2 h5 53. h3 hxg4 54. hxg4 g5 55. Kf2 Kh3 56. Nb5 1-0

[Event "Cologne Longerich op 3rd"]
[Site "Cologne"]
[Date "2004.08.07"]
[Round "6"]
[White "Ziabari, Morteza"]
[Black "Hoeper, Heinz Joachim"]
[Result "0-1"]
[WhiteElo "1887"]
[BlackElo "1593"]
[PlyCount "41"]
[EventDate "2004.06.26"]
[EventType "swiss"]
[EventRounds "7"]
[EventCountry "GER"]
[SourceTitle "EXT 2006"]
[Source "ChessBase"]
[SourceDate "2005.11.24"]
[SourceVersion "1"]
[SourceVersionDate "2005.11.24"]
[SourceQuality "1"]

1. e4 d5 2. e5 Bf5 3. g4 Be4 4. f3 Bg6 5. h4 h6 6. d4 e6 7. Nc3 Be7 8. h5 Bh4+ 9. Ke2 Bh7 10. f4 Be7 11. Be3 Nc6 12. a3 f6 13. Nf3 Qd7 14. Bh3 Na5 15. b3 b6 16. Qd2 Nb7 17. f5 exf5 18. gxf5 Bxf5 19. Bxf5 Qxf5 20. Nxd5 0-0-0 21. Nf4 0-1

[Event "Cologne Longerich op 3rd"]
[Site "Cologne"]
[Date "2004.07.03"]
[Round "2"]
[White "Kaiser, Anton"]
[Black "Hoeper, Heinz Joachim"]
[Result "0-1"]
[WhiteElo "1235"]
[BlackElo "1593"]
[PlyCount "140"]
[EventDate "2004.06.26"]
[EventType "swiss"]
[EventRounds "7"]
[EventCountry "GER"]
[SourceTitle "EXT 2006"]
[Source "ChessBase"]
[SourceDate "2005.11.24"]
[SourceVersion "1"]
[SourceVersionDate "2005.11.24"]
[SourceQuality "1"]

1. e4 d5 2. exd5 Qxd5 3. Nc3 Qa5 4. g3 c6 5. Bg2 Bf5 6. d3 Nf6 7. Bd2 Qc7 8. Qe2 e6 9. 0-0-0 Nbd7 10. Nf3 h6 11. d4 Nd5 12. Nh4 Bh7 13. Be4 Bxe4 14. Qxe4 N7f6 15. Qe2 Be7 16. f4 Nxc3 17. Bxc3 Nd5 18. Bd2 Bxh4 19. f5 Bf6 20. c4 Bxd4 21. cxd5 cxd5+ 22. Kb1 Qb6 23. Ba5 Qxa5 24. Rxd4 Qb6 25. Rxd5 0-0 26. Rb5 Qa6 27. Re1 exf5 28. Rxf5 Qg6 29. Qb5 a5 30. Ref1 b6 31. a3 a4 32. Qd3 Ra5 33. Ka1 Rxf5 34. Rxf5 Re8 35. Qd5 Qe6 36. Qxe6 Rxe6 37. Rf4 b5 38. Rb4 Re1+ 39. Ka2 Re5 40. h3 Kf8 41. g4 Ke7 42. Rd4 h5 43. b4 Kf6 44. Kb2 Kg5 45. Rd7 Kg6 46. Rc7 hxg4 47. hxg4 Kf6 48. Rc5 Ke6 49. Rc6+ Kd7 50. Rc3 Re2+ 51. Rc2 Rxc2+ 52. Kxc2 Ke6 53. Kd3 Ke5 54. Ke3 g5 55. Kd3 Kf4 56. Kd4 Kxg4 57. Kc5 Kf5 58. Kxb5 g4 59. Kxa4 g3 60. b5 g2 61. b6 g1Q 62. Ka5 Qg3 63. a4 Qb8 64. Ka6 Ke6 65. b7 Kd6 66. Kb6 Kd7 67. a5 Qc7+ 68. Ka7 Qxa5+ 69. Kb8 Qb6 70. Ka8 Kc7 0-1

[Event "Leverkusen op"]
[Site "Leverkusen"]
[Date "2004.02.16"]
[Round "4"]
[White "Hoeper, Heinz Joachim"]
[Black "Guelden, Ralf"]
[Result "1-0"]
[WhiteElo "1498"]
[BlackElo "1560"]
[PlyCount "77"]
[EventDate "2004.01.12"]
[EventType "swiss"]
[EventRounds "9"]
[EventCountry "GER"]
[SourceTitle "EXT 2006"]
[Source "ChessBase"]
[SourceDate "2005.11.24"]
[SourceVersion "1"]
[SourceVersionDate "2005.11.24"]
[SourceQuality "1"]

1. d4 Nf6 2. Nc3 d5 3. Nf3 e6 4. e3 c5 5. g3 Nc6 6. Bg2 Bd7 7. Ne5 cxd4 8. Nxd7 Qxd7 9. exd4 Rc8 10. 0-0 Be7 11. Ne2 0-0 12. c3 Na5 13. Nf4 Nc4 14. Re1 Nd6 15. Bh3 Qc7 16. Nxe6 fxe6 17. Bxe6+ Kh8 18. Bxc8 Nxc8 19. Bf4 Qd7 20. Qe2 Qh3 21. f3 Qh5 22. Qg2 Qf7 23. Re2 Nh5 24. Be5 Qxf3 25. Qxf3 Rxf3 26. Rf1 Rxf1+ 27. Kxf1 Kg8 28. g4 Nf6 29. Bxf6 gxf6 30. b3 Kf7 31. c4 dxc4 32. bxc4 b6 33. c5 bxc5 34. dxc5 Ke8 35. Re6 Kd7 36. Ra6 Kc7 37. Ke2 Kd7 38. Kd3 Bxc5 39. Rxf6 1-0

[Event "Leverkusen-ch 15th"]
[Site "Leverkusen"]
[Date "2003.04.14"]
[Round "8"]
[White "Jakobi, Reik"]
[Black "Hoeper, Heinz Joachim"]
[Result "1-0"]
[WhiteElo "1624"]
[BlackElo "1516"]
[PlyCount "75"]
[EventDate "2003.01.06"]
[EventType "swiss"]
[EventRounds "9"]
[EventCountry "GER"]
[SourceTitle "EXT 2006"]
[Source "ChessBase"]
[SourceDate "2005.11.24"]
[SourceVersion "1"]
[SourceVersionDate "2005.11.24"]
[SourceQuality "1"]

1. e4 g6 2. d4 Bg7 3. Nc3 d6 4. h3 Nd7 5. Nf3 h5 6. Bc4 e6 7. Bg5 f6 8. Be3 Qe7 9. Qd2 Nf8 10. 0-0-0 Nh6 11. Rdg1 Nf7 12. Kb1 g5 13. g4 h4 14. Ne1 Ng6 15. Nd3 e5 16. Nd5 Qd8 17. c3 exd4 18. cxd4 c6 19. Nc3 b5 20. Bb3 a5 21. a4 bxa4 22. Bxa4 Bd7 23. f4 0-0 24. f5 Ne7 25. Rf1 Qc7 26. e5 dxe5 27. dxe5 Nxe5 28. Nxe5 Qxe5 29. Bb3+ Kh7 30. Qxd7 Qxe3 31. Re1 Qf3 32. Qxe7 Rae8 33. Qd7 Rd8 34. Qc7 Rc8 35. Qxa5 Ra8 36. Qc7 Rfc8 37. Qf7 Rf8 38. Qg6+ 1-0